using of ginger (zingiber officinale) as anti eimeria spp in digestive system of three blood chicken at veteterinary research station of fvm-rua ការប្រើប្រាស់ខ្ងីប្រឆាំង eimeria spp ក្នុងប្រព័ន្ឋប្រដាប់រំលាយអាហារមាន់សាច់បីឈាមនៅស្ថានីយស្រាវជ្រាវវេជ្ជសាស្រ្តសត្វនៃសាកលវិទ្យាល័យភូមិន្ទកសិកម្ម (Record no. 18904)
[ view plain ]
| 000 -LEADER | |
|---|---|
| fixed length control field | 00938nam a22001577a 4500 |
| 003 - CONTROL NUMBER IDENTIFIER | |
| control field | LRUA |
| 005 - DATE AND TIME OF LATEST TRANSACTION | |
| control field | 20200210151618.0 |
| 008 - FIXED-LENGTH DATA ELEMENTS--GENERAL INFORMATION | |
| fixed length control field | 200210b xxu||||| |||| 00| 0 eng d |
| 040 ## - CATALOGING SOURCE | |
| Transcribing agency | RUA |
| 082 ## - DEWEY DECIMAL CLASSIFICATION NUMBER | |
| Classification number | AVM NGO 2018 B658 Or.1 |
| 100 ## - MAIN ENTRY--PERSONAL NAME | |
| 9 (RLIN) | 14169 |
| Personal name | NGOEM RA ងឺម រ៉ា |
| 245 ## - TITLE STATEMENT | |
| Title | using of ginger (zingiber officinale) as anti eimeria spp in digestive system of three blood chicken at veteterinary research station of fvm-rua ការប្រើប្រាស់ខ្ងីប្រឆាំង eimeria spp ក្នុងប្រព័ន្ឋប្រដាប់រំលាយអាហារមាន់សាច់បីឈាមនៅស្ថានីយស្រាវជ្រាវវេជ្ជសាស្រ្តសត្វនៃសាកលវិទ្យាល័យភូមិន្ទកសិកម្ម |
| 260 ## - PUBLICATION, DISTRIBUTION, ETC. (IMPRINT) | |
| Place of publication, distribution, etc. | rua |
| Name of publisher, distributor, etc. | phnom penh |
| Date of publication, distribution, etc. | 2018 |
| 300 ## - PHYSICAL DESCRIPTION | |
| Extent | ix.39p |
| Other physical details | ill; |
| Dimensions | 29cm |
| 942 ## - ADDED ENTRY ELEMENTS (KOHA) | |
| Source of classification or shelving scheme | |
| Koha item type | AVM |
No items available.